000 00331nam a2200169Ia 4500
100 _aJhamb/L.C
650 _aManagement
250 _a18
942 _cBK
366 _f20
245 _aProduction Operations Management
260 _b#N/A
_c2017
082 _a658.5
_bJHA
300 _a708
546 _aENGLISH
999 _c31859
_d31859